Statistiques concernant Vainqueur de Roland Garros depuis 1968

Cliquez ici pour prendre le quiz!

Statistiques générales

  • Ce quiz a été pris 115 fois
  • Le résultat moyen est 32 sur 49

Statistiques - réponses

Réponse% Correct
2009Federer
100%
2008Nadal
100%
2011Nadal
100%
2007Nadal
100%
2006Nadal
100%
2005Nadal
100%
2010Nadal
100%
2012Nadal
100%
2013Nadal
100%
2014Nadal
100%
2016Djokovic
99%
2015Wawrinka
89%
1975Borg
81%
1974Borg
81%
1978Borg
81%
1979Borg
81%
1980Borg
81%
1981Borg
81%
1999Agassi
78%
1983Noah
76%
1987Lendl
68%
1986Lendl
68%
1984Lendl
68%
1989Chang
65%
2001Kuerten
65%
2000Kuerten
65%
1997Kuerten
65%
1988Wilander
65%
1985Wilander
65%
1982Wilander
65%
1992Courier
56%
1991Courier
56%
2003Ferrero
55%
1998Moya
51%
1994Bruguera
45%
1993Bruguera
45%
1969Laver
44%
1977Vilas
42%
2002Costa
41%
2004Gaudio
41%
1996Kafelnikov
40%
1995Muster
35%
1973Nastase
35%
1990Gomez
34%
1976Panatta
24%
1968Rosewall
24%
1971Kodes
22%
1970Kodes
22%
1972Gimeno
16%

Distribution des résultats

Percentile par nombre de réponses

% des personnes avec chaque résultat

Votre développement - résultats

Vous n’avez pas pris ce quiz